MARC

LEADER 00000nam0a2200000 4500
001 23836
005 20231101205556.0
010 |a 5893491904 
010 |a 5-02-011656-4 
035 |a (RuTPU)RU\TPU\book\24061 
035 |a BOOK00001829 
090 |a 23836 
100 |a 20011209d2000 km y0rusy50 ca 
101 0 |a rus 
102 |a RU 
105 |a y e 000zy 
200 1 |a Валеология  |e Словарь  |f Е. И. Торохова 
205 |a 2-е изд. 
210 |a Москва  |c Флинта  |d 2000  |c Наука 
215 |a 248 с. 
610 1 |a валеология 
610 1 |a педагогика 
610 1 |a психология 
610 1 |a социология 
610 1 |a философия 
610 1 |a биология 
610 1 |a медицина 
610 1 |a экология 
610 1 |a термины 
610 1 |a словари 
675 |a 614.2(03)  |v 3 
700 1 |a Торохова  |b Е. И.  |c специалист в области безопасности жизнедеятельности  |c доцент, кандидат педагогических наук  |f 1949-  |g Екатерина Ивановна  |2 stltpush  |3 (RuTPU)RU\TPU\pers\11926  |9 3035 
801 0 |a RU  |b 63413507  |c 20011209  |g PSBO 
801 2 |a RU  |b 63413507  |c 20220224  |g PSBO 
900 |a Валеология 
942 |c BK